|
|
|
|
| LEADER |
00000nam a22000007a 4500 |
| 003 |
cru CIDCACS/IIS |
| 005 |
20210324153623.0 |
| 008 |
200528s1971 ho |||p|r||||||0| ||spa|d |
| 040 |
|
|
|c cru CIDCACS/IIS
|
| 090 |
|
|
|a REV0883
|
| 110 |
1 |
|
|9 9306
|a Banco Centroamericano de Integración Económica.
|b Centro de Documentación
|
| 245 |
1 |
|
|a Revista de la Integración y el Desarrollo de Centroamérica /
|c Banco Centroamericano de Integración Económica. Centro de Documentación
|
| 260 |
|
|
|a Honduras:
|b BCIE,
|c 1971-
|
| 270 |
|
|
|d Honduras
|e Apdo 772
|
| 500 |
|
|
|a EXISTENCIAS : 1971-1989 (1-44) 1990 (47) 1991 (48-49) 1997 (52) semestral Antes se llamó REVISTA DE LA INTEGRACION CENTROAMERICANA
|
| 500 |
|
|
|a Colección Centroamérica
|
| 650 |
|
0 |
|9 2520
|a CRISIS
|
| 650 |
|
0 |
|9 381
|a INTEGRACION REGIONAL
|
| 650 |
|
0 |
|9 1088
|a COMERCIALIZACION
|
| 650 |
|
4 |
|9 1839
|a DEUDA EXTERNA
|
| 650 |
|
4 |
|9 4425
|a AJUSTE ESTRUCTURAL
|
| 650 |
|
0 |
|9 566
|a BCIE
|
| 942 |
|
|
|2 ddc
|c PP
|
| 999 |
|
|
|c 43159
|d 43159
|